आर्थिक प्रणालियाँ एवं सिद्धान्त / (Record no. 64688)
[ view plain ]
| 000 -LEADER | |
|---|---|
| fixed length control field | 01317nam a22002897a 4500 |
| 005 - DATE AND TIME OF LATEST TRANSACTION | |
| control field | 20120404120917.0 |
| 008 - FIXED-LENGTH DATA ELEMENTS--GENERAL INFORMATION | |
| fixed length control field | 091109t xxu||||| |||| 00| 0 hin d |
| 010 ## - LCCN (DPL NO) | |
| LC control number | |
| 020 ## - INTERNATIONAL STANDARD BOOK NUMBER | |
| International Standard Book Number | 8170147271 |
| Terms of availability | 105.00 |
| 035 ## - SYSTEM CONTROL NUMBER | |
| System control number | B-23215 |
| 037 ## - SOURCE OF ACQUISITION | |
| Source of stock number/acquisition | PUB |
| 040 ## - CATALOGING SOURCE | |
| Original cataloging agency | DPL |
| Language of cataloging | HN |
| 082 ## - DEWEY DECIMAL CLASSIFICATION NUMBER | |
| Classification number | 330.1 |
| 100 ## - MAIN ENTRY--PERSONAL NAME | |
| Personal name | धींगरा, ईश्वर |
| 9 (RLIN) | 44758 |
| 245 ## - TITLE STATEMENT | |
| Title | आर्थिक प्रणालियाँ एवं सिद्धान्त / |
| Statement of responsibility, etc | ईश्वर धींगरा |
| 260 ## - PUBLICATION, DISTRIBUTION, ETC. (IMPRINT) | |
| Place of publication, distribution, etc | नई दिल्ली |
| Name of publisher, distributor, etc | सुलतान चन्द एण्ड संस |
| Date of publication, distribution, etc | 2000 |
| 270 ## - ADDRESS | |
| Address | अजमेरा बुक |
| City | जयपुर |
| Postal code | 302002 |
| 300 ## - PHYSICAL DESCRIPTION | |
| Extent | 552पृ |
| Dimensions | 22सेमी (सजिल्द) |
| 650 ## - SUBJECT ADDED ENTRY--TOPICAL TERM | |
| Topical term or geographic name as entry element | उद्यमिता |
| General subdivision | भारत |
| 9 (RLIN) | 44732 |
| 700 ## - ADDED ENTRY--PERSONAL NAME | |
| Personal name | रामचन्दानी, एच.के. |
| 9 (RLIN) | 44733 |
| 700 ## - ADDED ENTRY--PERSONAL NAME | |
| Personal name | शर्मा, के.सी. |
| 9 (RLIN) | 44734 |
| 700 ## - ADDED ENTRY--PERSONAL NAME | |
| Personal name | पारीक, के.एस. |
| 9 (RLIN) | 44735 |
| 700 ## - ADDED ENTRY--PERSONAL NAME | |
| Personal name | सक्सेना, स्नेह |
| 9 (RLIN) | 44736 |
| 700 ## - ADDED ENTRY--PERSONAL NAME | |
| Personal name | मेनन, सुभद्रा |
| 9 (RLIN) | 44737 |
| 942 ## - ADDED ENTRY ELEMENTS (KOHA) | |
| Source of classification or shelving scheme | Dewey Decimal Classification |
| Item type | Hindi Books |
| Classification part | 330.1 |
| Call number suffix | धींगरा |
| Withdrawn status | Lost status | Source of classification or shelving scheme | Damaged status | Not for loan | Collection code | Home library | Current library | Date acquired | Cost, normal purchase price | Total Checkouts | Full call number | Barcode | Date last seen | Cost, replacement price | Koha item type |
|---|---|---|---|---|---|---|---|---|---|---|---|---|---|---|---|
| Dewey Decimal Classification | Non-fiction | Sarojini Nagar | Sarojini Nagar | 04/04/2012 | 105.00 | 330.1 धींगरा | B-23215 | 04/04/2012 | 105.00 | Hindi Books |
